MARC

LEADER 00000nam0a2200000 4500
001 304637
005 20231102001724.0
035 |a (RuTPU)RU\TPU\book\329884 
090 |a 304637 
100 |a 20150917d1983 m y0rusy50 ca 
101 0 |a rus 
102 |a KZ 
105 |a a z 001zy 
200 1 |a Динамика галактических и внегалактических систем  |f Академия наук Казахской ССР (АН КазССР), Астрофизический институт ; под ред. Т. Б. Омарова 
210 |a Алма-Ата  |c Наука  |d 1983 
215 |a 108 с.  |c ил. 
225 1 |a Труды Астрофизического института  |v Т. 40 
320 |a Библиогр. в конце ст. 
606 1 |a Галактики  |x Физика  |2 stltpush  |3 (RuTPU)RU\TPU\subj\5443  |9 33520 
610 1 |a динамика 
610 1 |a внегалактические исследования 
610 1 |a гравитирующие системы 
610 1 |a релятивистская механика 
610 1 |a динамическая эволюция 
610 1 |a звезды 
610 1 |a созвездия 
610 1 |a кольцевые структуры 
610 1 |a фазовые модели 
675 |a 524.6  |v 4 
702 1 |a Омаров  |b Т. Б.  |4 340 
712 0 2 |a Академия наук Казахской ССР (АН КазССР)  |b Астрофизический институт  |c (Алма-Ата)  |2 stltpush  |3 (RuTPU)RU\TPU\col\13749 
801 1 |a RU  |b 63413507  |c 20150917 
801 2 |a RU  |b 63413507  |c 20190425  |g RCR 
942 |c BK